|
|
|
|
| LEADER |
00858cam a2200337 i 4500 |
| 001 |
000045531 |
| 003 |
4716 |
| 005 |
20021115531124.0 |
| 008 |
010220|1999 vm 000 eng |
| 020 |
|
|
|a 0672315823 (pbk.)
|
| 040 |
|
|
|a IRC
|c IRC
|d IRC
|
| 041 |
0 |
|
|a eng
|
| 082 |
1 |
4 |
|a 005.4469
|b GA-W
|
| 100 |
1 |
|
|a Gay, Warren W.
|
| 245 |
0 |
0 |
|a Sams teach yourself Linux programming in 24 hours /
|c Warren W. Gay
|
| 260 |
|
|
|a Indianapolis, Ind. :
|b Sams,
|c 1999
|
| 300 |
|
|
|a xviii, 526p. :
|b ill.
|
| 630 |
0 |
4 |
|a Linux
|
| 650 |
0 |
4 |
|a Linux (Computer program)
|
| 650 |
0 |
4 |
|a Operating systems (Computers)
|
| OWN |
|
|
|a DUT
|
| 049 |
0 |
0 |
|a mt
|
| 999 |
|
|
|a From the UDN01
|
| TYP |
|
|
|a Monograph
|
| TYP |
|
|
|a Printed language
|
| 980 |
|
|
|a Mạng thư viện Đại học Đà Nẵng
|